[Event "Akron Cardinal op"]
[Site "Akron"]
[Date "2023.02.03"]
[Round "1"]
[White "Wang, Ryan R"]
[Black "Hart, Braeden"]
[Result "1-0"]
[WhiteElo "1785"]
[BlackElo "1979"]
[PlyCount "67"]
[EventDate "2023.02.03"]
[EventType "swiss"]
[EventRounds "5"]
[EventCountry "USA"]
[SourceTitle "CBM 212 Extra"]
[Source "ChessBase"]
[SourceDate "2023.03.31"]
[SourceVersion "1"]
[SourceVersionDate "2023.03.31"]
[SourceQuality "1"]

1. e4 e5 2. Nf3 d5 3. d4 dxe4 4. Nxe5 Be6 5. Nc3 Bb4 6. Bc4 Bxc4 7. Nxc4 Nc6 8. 0-0 Qxd4 9. Qe2 Bxc3 10. Rd1 Qf6 11. Qxe4+ Nge7 12. bxc3 0-0 13. Bf4 Rac8 14. Rab1 Rfe8 15. Re1 h5 16. Rxb7 Ng6 17. Qxe8+ Rxe8 18. Rxe8+ Kh7 19. Bd2 Nh4 20. Re4 Ne7 21. Rxc7 Nef5 22. Ne5 Qb6 23. Nxf7 Nd4 24. Ng5+ Kg6 25. cxd4 Qxc7 26. Rxh4 Qxc2 27. Nf3 Qxa2 28. Re4 a5 29. h4 a4 30. d5 a3 31. Re6+ Kf5 32. Nd4+ Kg4 33. Rg6+ Kxh4 34. Nf3# 1-0

[Event "World Cup U14 Prel"]
[Site "Tornelo INT"]
[Date "2021.08.11"]
[Round "6"]
[White "Marocco, Gabriel Leao Quadro"]
[Black "Wang, Ryan R"]
[Result "0-1"]
[WhiteElo "1396"]
[BlackElo "1722"]
[PlyCount "50"]
[EventDate "2021.08.11"]
[EventType "swiss (rapid)"]
[EventRounds "10"]
[EventCountry "NET"]
[SourceTitle "EXT 2025"]
[Source "ChessBase"]
[SourceDate "2024.10.14"]
[SourceVersion "1"]
[SourceVersionDate "2024.10.14"]
[SourceQuality "1"]

1. e4 c5 2. Nf3 Nc6 3. d4 cxd4 4. Nxd4 Nf6 5. Nc3 h5 6. Be3 Ng4 7. Bc1 Qb6 8. f3 Qxd4 9. Qxd4 Nxd4 10. fxg4 Nxc2+ 11. Kd2 Nxa1 12. Kd1 hxg4 13. Be3 a6 14. Be2 d6 15. Kd2 g3 16. h3 g6 17. Rxa1 Bg7 18. Bf4 Bh6 19. Ke3 g5 20. Bxg3 g4+ 21. Bf4 gxh3 22. gxh3 Bxf4+ 23. Kxf4 Rxh3 24. Rg1 f6 25. Nd5 e5# 0-1

[Event "World Cup U14 Prel"]
[Site "Tornelo INT"]
[Date "2021.08.11"]
[Round "7"]
[White "Wang, Ryan R"]
[Black "Soojay, Jorah"]
[Result "1-0"]
[WhiteElo "1722"]
[BlackElo "1478"]
[PlyCount "81"]
[EventDate "2021.08.11"]
[EventType "swiss (rapid)"]
[EventRounds "10"]
[EventCountry "NET"]
[SourceTitle "EXT 2025"]
[Source "ChessBase"]
[SourceDate "2024.10.14"]
[SourceVersion "1"]
[SourceVersionDate "2024.10.14"]
[SourceQuality "1"]

1. e4 e6 2. d4 d5 3. exd5 exd5 4. Nf3 Bg4 5. h3 Bh5 6. Qe2+ Qe7 7. Be3 a6 8. Nbd2 Nc6 9. 0-0-0 Nf6 10. g4 Bg6 11. Ne5 Nxe5 12. dxe5 Nd7 13. f4 h6 14. Bg2 c6 15. Nb3 0-0-0 16. f5 Bh7 17. Bf4 Nc5 18. Nd4 Na4 19. Nxc6 bxc6 20. Qxa6+ Qb7 21. Qxa4 g5 22. Bg3 Bc5 23. Rd3 Kd7 24. Rxd5+ Ke7 25. Rxc5 Rb8 26. b3 Rhc8 27. Rxc6 Ra8 28. Rxc8 Qxc8 29. Qxa8 Qc3 30. f6+ Kd7 31. Qd5+ Kc8 32. Qc6+ Qxc6 33. Bxc6 Kc7 34. Bd5 Kd8 35. Bxf7 Kd7 36. e6+ Kc6 37. e7 h5 38. e8Q+ Kb6 39. Bf2+ Ka5 40. c4 h4 41. Qb5# 1-0

[Event "World Cup U14 Prel"]
[Site "Tornelo INT"]
[Date "2021.08.11"]
[Round "9"]
[White "Wang, Ryan R"]
[Black "Xu, Daniel"]
[Result "0-1"]
[WhiteElo "1722"]
[BlackElo "1851"]
[PlyCount "96"]
[EventDate "2021.08.11"]
[EventType "swiss (rapid)"]
[EventRounds "10"]
[EventCountry "NET"]
[SourceTitle "EXT 2025"]
[Source "ChessBase"]
[SourceDate "2024.10.14"]
[SourceVersion "1"]
[SourceVersionDate "2024.10.14"]
[SourceQuality "1"]

1. e4 c5 2. Nf3 d6 3. d4 cxd4 4. Nxd4 Nf6 5. Nc3 a6 6. Rg1 e5 7. Nb3 h5 8. h3 h4 9. Bg5 Be7 10. Qd2 Be6 11. 0-0-0 Nbd7 12. f4 b5 13. Bxf6 Nxf6 14. fxe5 dxe5 15. Qg5 Qb6 16. Qxg7 Qe3+ 17. Kb1 Rg8 18. Nd5 Bxd5 19. Qxg8+ Nxg8 20. exd5 Bd6 21. Bd3 Ne7 22. Rgf1 Qg3 23. Rf6 0-0-0 24. Be4 Qe3 25. Nd2 Qg5 26. Rxf7 Rg8 27. Rff1 Qg7 28. Bf3 Rf8 29. Ne4 Qh6 30. Rfe1 Kd8 31. Nf2 Nf5 32. Ng4 Qg7 33. a3 Ng3 34. Rd3 Rf4 35. Rde3 e4 36. Bxe4 Rxe4 37. Rxe4 Nxe4 38. Rxe4 Qg5 39. Re6 Qxd5 40. Rh6 Qd1+ 41. Ka2 Bg3 42. Ne3 Qe2 43. Rh8+ Kd7 44. Rh7+ Ke8 45. Nf5 Qxg2 46. Nd6+ Bxd6 47. Rh8+ Kd7 48. Rh7+ Kc6 0-1

[Event "PNWCC Online blitz JP 2nd"]
[Site "Chess.com INT"]
[Date "2020.03.21"]
[Round "3"]
[White "Wang, Ryan R"]
[Black "Sivakumar, Shaaketh"]
[Result "0-1"]
[WhiteElo "1720"]
[BlackElo "1870"]
[PlyCount "80"]
[EventDate "2020.03.21"]
[EventType "swiss (blitz)"]
[EventRounds "11"]
[EventCountry "USA"]
[SourceTitle "CBM 195 Extra"]
[Source "ChessBase"]
[SourceDate "2020.05.31"]
[SourceVersion "1"]
[SourceVersionDate "2020.05.31"]
[SourceQuality "1"]

1. e4 e6 2. d4 d5 3. Nd2 c5 4. Ngf3 Nf6 5. e5 Nfd7 6. c3 Nc6 7. Bb5 Be7 8. 0-0 g5 9. Bxc6 bxc6 10. Qa4 Qb6 11. dxc5 Nxc5 12. Qd4 h5 13. b4 Nd7 14. Qxb6 axb6 15. Re1 c5 16. bxc5 bxc5 17. c4 g4 18. cxd5 gxf3 19. dxe6 fxe6 20. Nxf3 Bb7 21. Bf4 Rf8 22. Bh6 Rf5 23. Rad1 Bxf3 24. gxf3 Rxf3 25. Kg2 Rf5 26. f4 Rxa2+ 27. Kg3 h4+ 28. Kg4 Rxh2 29. Ra1 Rg2+ 30. Kh3 Rg6 31. Ra8+ Kf7 32. Ra7 Rxh6 33. Rxd7 Rxf4 34. Rc1 Ke8 35. Ra7 Rf3+ 36. Kh2 Rg6 37. Rb1 h3 38. Rb8+ Kf7 39. Rbb7 Rg2+ 40. Kh1 Rf1# 0-1